000 01853nam a2200253Ia 4500
999 _c52137
_d52137
001 19144
003 GE_BSU
005 20210406125342.0
008 181216s2016||||ge |||||||||||||| ||geo||
040 _cGE_BSU
041 _ageo
080 _a81 უ-89
100 _aფარტენაძე, ნინო
_911099
245 _aშიდაენობრივი და სემიოტიკათშორისი თარგმანები უილიამ შექსპირის კომედიების მიხედვით /
_cნინო ფარტენაძე; სამეცნიერო ხელმძღვანელი ქეთევან სვანიძე; ბსუ. ჰუმანიტარულ მეცნიერებათა ფაკულტეტი. სალავისტიკის დაპარტამენტი.
264 _aბათუმი :
_bბათუმის შოთა რუსთაველის სახ. უნ-ტი,
_c2016.
300 _a146 გვ.
_b30 სმ.
504 _aბიბლიოგრ. გვ. 137-141
653 _aდისერტაცია
653 _aენათმეცნიერება
653 _aშიდაენობრივი და სემიოტიკათშორისი თარგმანები უილიამ შექსპირის კომედიების მიხედვით.
700 _aსვანიძე, ქეთევან
_eსამეცნიერო ხელმძღვანელი
_911100
710 _aბსუ.
_bჰუმანიტარულ მეცნიერებათა ფაკულტეტი. სალავისტიკის დაპარტამენტი
_911101
942 _cBK
_2udc